| 000 | 01017cam a22002538i 4500 | ||
|---|---|---|---|
| 020 | _a9781119287537 (cloth) | ||
| 082 | 0 | 0 |
_a690.0285 _bSAC _cN-02,P-99 |
| 100 | 1 |
_aEastman, Charles M., _924770 |
|
| 245 | 1 | 0 |
_aBIM handbook : _ba guide to building information modeling for owners, managers, designers, engineers and contractors / _cby Charles Eastman, Paul Teicholz, Rafael Sacks, Ghang Lee. |
| 250 | _aThird edition. | ||
| 300 | _apages cm | ||
| 526 |
_a0 _b0 _c0 _d690_028500000000000_SAC |
||
| 650 | 0 |
_aArchitects and builders _925348 |
|
| 650 | 0 |
_aArchitectural practice _925893 |
|
| 650 | 0 |
_aBuilding information modeling _924758 |
|
| 650 | 0 |
_aBuilding management _xData processing _951722 |
|
| 650 | 0 |
_aBuilding _xComputer simulation _951723 |
|
| 650 | 0 |
_aCommunication in the building trades _951724 |
|
| 650 | 0 |
_aConstruction industry _xInformation resources management _951725 |
|
| 700 | 1 |
_aLee, Ghang, _951726 |
|
| 700 | 1 |
_aSacks, Rafael, _924771 |
|
| 700 | 1 |
_aTeicholz, Paul M., _951727 |
|
| 942 |
_2ddc _cBK |
||
| 999 |
_c554279 _d554279 |
||